Taylor Swift 46 - Statistics

General Stats
  • This quiz has been taken 15 times
  • The average score is 466 of 495
Answer Stats
Answer % Correct
a
100%
about
100%
and
100%
baby
100%
bad
100%
be
100%
been
100%
blank
100%
boys
100%
but
100%
can
100%
come
100%
could
100%
don't
100%
down
100%
for
100%
forever
100%
friends
100%
go
100%
god
100%
gonna
100%
got
100%
guys
100%
how
100%
I
100%
if
100%
I'll
100%
I'm
100%
in
100%
is
100%
it
100%
it's
100%
know
100%
list
100%
long
100%
make
100%
me
100%
my
100%
name
100%
no
100%
oh
100%
on
100%
one
100%
or
100%
over
100%
read
100%
saw
100%
say
100%
see
100%
she
100%
so
100%
space
100%
tell
100%
that
100%
the
100%
there
100%
they'll
100%
things
100%
this
100%
thought
100%
to
100%
too
100%
wanna
100%
want
100%
was
100%
we're
100%
when
100%
where
100%
who
100%
with
100%
write
100%
you
100%
your
100%
ain't
90%
at
90%
back
90%
'cause
90%
didn't
90%
dying
90%
ends
90%
ex-lovers
90%
face
90%
flames
90%
game
90%
get
90%
girl
90%
good
90%
grab
90%
hand
90%
heard
90%
heaven
90%
hey
90%
high
90%
incredible
90%
I've
90%
let's
90%
like
90%
look
90%
love
90%
love's
90%
madness
90%
magazine
90%
meet
90%
mistake
90%
next
90%
nice
90%
of
90%
pain
90%
passport
90%
perfect
90%
play
90%
players
90%
second
90%
show
90%
sin
90%
take
90%
torture
90%
way
90%
weekend
90%
we'll
90%
what
90%
worth
90%
ya
90%
you'll
90%
you're
90%
all
80%
breathless
80%
crying
80%
darling
80%
daydream
80%
dressed
80%
drunk
80%
far
80%
filled
80%
fly
80%
funny
80%
garden
80%
guessing
80%
insane
80%
jealousy
80%
keep
80%
leave
80%
magic
80%
month
80%
nasty
80%
new
80%
nightmare
80%
only
80%
out
80%
rose
80%
rumors
80%
scar
80%
screaming
80%
skies
80%
tables
80%
thorns
80%
tie
80%
time
80%
turn
80%
warn
80%
worst
80%
yet
80%
young
80%
crystal
70%
each
70%
find
70%
it'll
70%
king
70%
money
70%
queen
70%
reckless
70%
storms
70%
suit
70%
cherry
60%
kisses
60%
lies
60%
lips
60%
pretty
60%
stolen
60%
wait
60%
No matching quizzes found
Score Distribution
Percent of People with Each Score
Percentile by Number Answered
Your Score History
You have not taken this quiz